Письма Извольской М. Шиллингу М. Ф. /на франц. яз. /

Доступно только в Электронных читальных залах Найти на картеНа карте
RUSMARC
00004287nac2a22003133x 450
001e5665396-a7aa-49a5-ab9f-7fe4405627eb
00520211213234830.0
100##$a20211120l1912 k y0rusy50 ca
1010#$afre
102##$aRU
105##$ay z |||e|
1220#$ad19121001
2001#$aПисьма Извольской М. Шиллингу М. Ф. /на франц. яз. /
$j01 октября 1912
215##$a4 листа
251##$cДело
300##$aЗаголовок дела на папке: Письма Извольской М. Шиллингу М. Ф.
300##$aВ деле имеются документы без дат
300##$aТекст на французском языке
300##$aЛист: 1 - конверт
300##$aРукописный текст
330##$aВходит в раздел описи: 3. Документы о научной и литературной деятельности барона Шиллинга М. Ф.. Письма разных лиц Шиллингу М. Ф.
461#0$1001ff9fc58f-089b-437b-980d-902343bc59d8
$12001
$aШиллинг Маврикий Фабианович, барон, секретарь русского посольства в Вене
$1251
$cФонд
$1852
$j813
462#0$1001665c067c-d934-4316-b9df-5bf0ad49190b
$12001
$aДела постоянного хранения. 1817-1917
$vД. 263
$1251
$cОпись
$1852
$j1
5171#$aПисьма Извольской М. Шиллингу М. Ф.
600#1$aШиллинг
$bМ. Ф.
$cбарон
$gМаврикий Фабианович
600#1$aИзвольская
$bМ.
801#0$aRU
$bGA_RF
801#1$aRU
$bГлавНИВЦ
$c20211120
$2rusmarc
801#2$aRU
$bПБ им. Б.Н. Ельцина
$c20211213
$gRCR
$2rusmarc
852##$aГА РФ
$j263
937##$d171559465
$hГАРФ
035##$aRuPRLIB51061073
856##$uhttp://readingroom.main.prlib.ru/item.aspx?id_node=n171559465&mode=full
Формат отображения